000 00566cam a22002051 4500
001 sa 66001012
003 DLC
005 20260227112219.0
008 960922s195u pk 000 0 pusr
010 _asa 66001012
025 _aPL480:P-Pushto-215
035 _a(OCoLC)35601618
040 _aDLC
_cCLU
_dCLU
_dDLC
042 _apremarc
050 0 0 _aPK6820.J3
_bQ5
100 0 _aJamshayd.
245 1 0 _aQiṣṣah da Aḥmad Khān u Shīrīnạy.
_cAuthor: Jamshayd.
260 _aPishāwar,
_bʻAbd al-Khāliq Faz̤al Mālik
_c[195-]
300 _a72 p.
_c18 cm.
999 _c67552
_d67552